Double Albums Quiz - Statistics

General Stats
  • This quiz has been taken 13,783 times
  • The average score is 11 of 22
Answer Stats
Year Album Musical Act % Correct
1968 The White Album The Beatles
96%
1979 The Wall Pink Floyd
88%
1973 Goodbye Yellow Brick Road Elton John
77%
1979 London Calling The Clash
77%
1972 Exile on Main St. The Rolling Stones
65%
1969 Tommy The Who
64%
1968 Electric Ladyland The Jimi Hendrix Experience
53%
1975 Physical Graffiti Led Zeppelin
52%
1995 HIStory Michael Jackson
49%
1976 Songs in the Key of Life Stevie Wonder
47%
1966 Blonde on Blonde Bob Dylan
46%
1987 Sign ☮ the Times Prince
45%
1988 Rattle and Hum U2
45%
1996 All Eyez on Me 2Pac
44%
1995 Mellon Collie and the Infinite Sadness The Smashing Pumpkins
42%
2003 Speakerboxxx / The Love Below Outkast
41%
1980 The River Bruce Springsteen
40%
1997 Life After Death The Notorious B.I.G.
29%
1994 The Downward Spiral Nine Inch Nails
27%
1994 Superunknown Soundgarden
27%
1988 Daydream Nation Sonic Youth
16%
1996 Being There Wilco
6%
No matching quizzes found
Score Distribution
Percent of People with Each Score
Percentile by Number Answered
Your Score History
You have not taken this quiz